Responses for Show #7055 - Friday, April 24, 2015

Greg Seroka game 2.

Contestants

[<< previous game]

Eric Fleury, a professor of political science from Worcester, Massachusetts

Chip Brookes, a filmmaker and writer originally from Fairbanks, Alaska

Greg Seroka, a chef from Steamboat Springs, Colorado (whose 1-day cash winnings total $25,401)

[next game >>]

Jeopardy! Round responses

ALPHABETICALLY LAST
THEY SAVED THE HOLLYWOOD SIGN
WHAT ARE YOU AFRAID OF?
ARTWORK
I'M TELLING YOU 2 TIMES--"SH"!
(Alex: "S-H" coming up twice in each correct response.)
USS INTREPID
(Kelly: Clues aboard an aircraft carrier that survived World War II and Vietnam to become a floating National Historic Landmark.)
    $200 27
Wyoming

Chip
    $200 13
Hugh Hefner

Greg
    $200 4
spiders

Eric
    $200 18
the Mona Lisa

Greg
    $200 7
Oshkosh

Eric
    $200 2
the rudder

Greg
    $400 28
(Greg: What is "nothing"?)
...
(Alex: Al Jolson--"Wait a minute. Wait a minute. [*] ain't heard nothing yet.")

you

Greg
Triple Stumper
    $400 14
(Greg: Who is Roy Rogers?)

(Gene) Autry

GregEric
    $400 3
work

Greg
    $400 19
(Chip: What is the [*]?)

Waiting

Chip
    $400 9
shish kebab

Greg
    $400 8
Gemini

Greg
    $2,000 29
(Alex: Yeah, that was a gimme, wasn't it? Softball.)

Zachary Taylor

Chip
    $600 15
Kelley

Greg
    $600 1
needles

Eric
    $600 21
Birth of Venus

Greg
    $600 10
(Greg: What are washing machines?)

dishwashers

GregChip
    $600 24
a battleship

Greg
    $800 30
(Chip: What is Uruguay?)

Venezuela

ChipEric
    $800 16
Alice Cooper

Chip
    $800 5
(Greg: What is red?)

white

GregChip
    $800 22
Moses

Eric
    $800 11
(Chip: What is sure shot?)

sharpshooter

ChipEric
    $800 25
Radio City Music Hall

Greg
    $1000 20
(Michael) Collins

Eric
    $1000 17
(Greg: Who is Williams?)
(Alex: Be more specific.)

Andy Williams

Greg
    $1000 6
Halloween

Greg
    $1000 23
Grant Wood

Triple Stumper
    $1000 12
sheepish

Eric
    $1000 26
the Philippines

Greg

Scores at the first commercial break (after clue 15):

Greg Chip Eric
$1,400 $600 $3,200

Scores at the end of the Jeopardy! Round:

Greg Chip Eric
$5,200 $3,200 $5,800

Double Jeopardy! Round responses

LET'S GO OLD SCHOOL!
HISTORY
LITERATURE
WORDPLAY
POP CULTURE
POTPOURRI
    $400 28
[The end-of-round signal sounds.]

Georgetown

Chip
    $400 16
the Boers

Eric
    $400 15
the Little Mermaid

Eric
    $400 7
the Flash

Greg
    $800 27
Brown

Eric
    $800 10
Nuremberg

Eric
    $800 14
Gothic

Greg
    $11,000 26
Trojan Horse

Greg
    $800 6
Bobby McFerrin

Greg
    $800 25
Pekingese

Greg
    $1200 21
William & Mary

Greg
    $1200 11
SARS

Eric
    $1200 8
Brokeback Mountain

Chip
    $1200 22
quadrennial

Eric
    $1200 5
Dives

Greg
    $1200 24
(Alex: Less than a minute to go.)

the Aztecs

Greg
    $4,000 19
Wesleyan

Chip
    $1600 12
Nefertiti

Eric
    $1600 17
Nat Turner

Eric
    $1600 23
fluid

Greg
    $1600 4
Dark Side of the Moon

Eric
    $1600 3
(Robert C.) Byrd

Chip
    $2000 20
Creighton

Greg
    $2000 13
the Templars

Greg
    $2000 18
Dante (Gabriel Rossetti)

Chip
    $2000 9
(Alex: "Vigil" and [*]. Yes.)

Virgil

Eric
    $2000 1
Fatal Attraction

Chip
    $2000 2
(Chip: What is Capitalism?)

Capital

Chip
Triple Stumper

Scores at the end of the Double Jeopardy! Round:

Greg Chip Eric
$28,200 $12,400 $17,400

[wagering suggestions for these scores]

Final Jeopardy! Round responses

ACTORS
(Alex: We said "ironically" in the clue because two weeks later, he died in a car crash.)
Chipwho was was James Dean?
$9,201
EricWho is James Dean?
$12,600
GregWho was James Dean?
$7,000
James Dean

Final scores:

Greg Chip Eric
$35,200 $21,601 $30,000
2-day champion: $60,601 3rd place: $1,000 2nd place: $2,000

Game dynamics:

Coryat scores:

Greg Chip Eric
$18,000 $8,600 $17,400
24 R
(including 1 DD),
4 W
12 R
(including 2 DDs),
3 W
19 R,
0 W

Combined Coryat: $44,000

[game clues] [game scores] [suggest correction]

Game tape date: Unknown
The J! Archive is created by fans, for fans. Scraping, republication, monetization, and malicious use prohibited; this site may use cookies and collect identifying information. See terms. The Jeopardy! game show and all elements thereof, including but not limited to copyright and trademark thereto, are the property of Jeopardy Productions, Inc. and are protected under law. This website is not affiliated with, sponsored by, or operated by Jeopardy Productions, Inc. Join the discussion at JBoard.tv.